Общая история США

গ্রন্থ-পঞ্জীর বিবরন
অন্যান্য লেখক: Хуа Сюи (редактор), Ян Шэнмао
সংক্ষিপ্ত:Книга на китайском языке
ভাষা:চীনা
প্রকাশিত: Пекин, Народное изд-во, 2005
মালা:Библиотека Китая
বিন্যাস: গ্রন্থ
KOHA link:https://koha.lib.tpu.ru/cgi-bin/koha/opac-detail.pl?biblionumber=118461

MARC

LEADER 00000nam1a2200000 4500
001 118461
005 20231031124138.0
010 |a 7010049122 
035 |a (RuTPU)RU\TPU\book\128184 
090 |a 118461 
100 |a 20070613d2005 m y0chiy50 ca 
101 0 |a chi 
102 |a CN 
200 1 |a Общая история США  |f под ред. Хуа Сюи; Ян Шэнмао 
210 |a Пекин  |c Народное изд-во  |d 2005 
225 1 |a Библиотека Китая 
300 |a Книга на китайском языке 
686 |a Т3(7США)  |v LBC/SL-A  |2 rubbk 
702 1 |a Хуа Сюи  |4 340 
702 1 |a Ян Шэнмао  |4 340 
801 1 |a RU  |b 63413507  |c 20070613  |g PSBO 
942 |c BK